| 000 | 02087nam a2200313 a 4500 | ||
|---|---|---|---|
| 001 | 000034459 | ||
| 005 | 20240305103359.0 | ||
| 008 | 111004s1995 dr acg 000 0 spa d | ||
| 040 |
_aDO-SdBNP _bspa _cBNPHU |
||
| 082 |
_a780.97293 _bI37p |
||
| 100 | 1 |
_aIncháustegui, Arístides, _d1938- _922936 |
|
| 245 | 1 | 0 |
_aPor amor al arte : _bnotas sobre música, compositores e intérpretes dominicanos / _cArístides Incháustegui. |
| 260 |
_aSanto Domingo : _bSecretaría de Estado de Educación, Bellas Artes y Cultos, _c1995. |
||
| 300 |
_a398 p. : _bil., música, retrs. ; _c29 cm. |
||
| 500 | _aIncluye índice onomástico. | ||
| 505 | 0 |
_tCompositores dominicanos -- _tFamilias dominicanas de músicos -- _tMúsicos extranjeros pioneros en el país -- _tPianistas dominicanos -- _tViolinistas dominicanos -- _tCantantes dominicanos -- _tApuntes para la historia del Himno Dominicano -- _tEn el cincuentenario de La Voz Dominicana -- _tLa nueva bachata dominicana -- _tAntonio Mesa en el centenario de su nacimiento -- _tRecitales de música dominicana -- _tEl disco en la República Dominicana -- _tDiscografía de Eduardo Brito -- _tDiscografía de Antonio Mesa -- _tStokowski y el merengue dominicano: primeras grabaciones de Luis Alberti -- _gAdenda: _tMi amigo Alfredo Sadel (1930-1989) -- _tEl arte de Luis Carbonell (1923) -- _tEl arte de Néstor Mesta Chayres (1908-1971) -- _tEl arte de Pedro Vargas (1906-1989) -- _gÍndice onomástico. |
|
| 590 | _aInventariado, 2018/LP | ||
| 650 | 4 |
_aMúsicos dominicanos _916091 |
|
| 650 | 4 |
_aCompositores dominicanos _959894 |
|
| 650 | 4 |
_aMúsica dominicana _xHistoria y crítica _958389 |
|
| 650 | 4 |
_aMúsica popular dominicana _xAutores y editores _959895 |
|
| 650 | 4 |
_aMúsica popular dominicana _xDiscografía _959896 |
|
| 650 | 4 |
_aIndustria de la música _zRepública Dominicana _959897 |
|
| 650 | 4 |
_aHimnos patrióticos dominicanos _92512 |
|
| 650 | 4 |
_aMúsica en el arte _927650 |
|
| 650 | 4 |
_aMerengue (música) _zRepública Dominicana _91324 |
|
| 650 | 4 |
_aBachata (música) _zRepública Dominicana _954210 |
|
| 910 | _aValidado. Control de calidad EMS. | ||
| 999 |
_c33950 _d33950 |
||